01459nam a2200217 a 4500008004100000020001500041041000800056092002500064100002800089245004500117250004100162260003200203300001100235500007700246505067300323590004300996655002101039942001301060999001501073952015301088180515e1995 sp ||||| |||| 00| f spa d a8472239055 aspa 21a ed.c808l79sSIM1 aSimenon, Georges.93911 aMaigret.bLiberty Bar /cGeorges Simenon a1a ed.bTraducción de Carlos Pujol aBarcelona:bPlaneta;c1995. a174 p. aSimenon, G. (1995). Maigret. Liberty Bar. (1a ed.). Barcelona : Planeta. aEl aspecto general, la expresión del rostro, esa mirada demasiado serena, ese rictus a la vez bondadoso e irónico de los labios... Al mirar una fotografía de la victima, el comisario Maigret tiene la sensación de haber conocido a William Brown, ese australiano antaño riquísimo que un buen día, harto de Australia y de las ovejas, de su familia y del dinero, decidió perderse en la indolente pereza que flota en el Liberty, un bar situado a la sombra de los lujosos hoteles de Cannes. El comisario investiga el caso muy intrigado, a veces enfadado: ese hombre que ha muerto de una cuchillada en la espalda ¡tiene además la osadía de parecérsele! aDONACION DR. Andres Gallardo Mayo 2018 aLiteratura92917 2ddccLIT c2741d2741 00102ddc4070aBFMbBFMcCRd2018-05-15eDonacionl0o808 79 SIMp4240r2018-05-15tEj. 1w2018-05-15yLITzDONACION DR. Andres Gallardo Mayo 2018